书目信息 |
| 题名: |
非金属矿物加工与综合利用
|
|
| 作者: | 杜春芳 , 欧阳静 , 苏毅国 编著 | |
| 分册: | ||
| 出版信息: | 北京 化学工业出版社 2018 |
|
| 页数: | 211页 | |
| 开本: | 26cm | |
| 丛书名: | ||
| 单 册: | ||
| 中图分类: | TD97 | |
| 科图分类: | ||
| 主题词: | 非金属矿物--fei jin shu kuang wu--加工 , 非金属矿物--fei jin shu kuang wu--综合利用 | |
| 电子资源: | ||
| ISBN: | 978-7-122-29879-9 | |
| 000 | 01518nam0 2200301 450 | |
| 001 | 012001001379 | |
| 005 | 20140108083955.0 | |
| 010 | @a978-7-122-29879-9@dCNY59.00 | |
| 099 | @aCAL 012018016398 | |
| 100 | @a20171229d2018 em y0chiy50 ea | |
| 101 | 0 | @achi |
| 102 | @aCN@b110000 | |
| 105 | @aak a 000yy | |
| 106 | @ar | |
| 200 | 1 | @a非金属矿物加工与综合利用@Afei jin shu kuang wu jia gong yu zong he li yong@f杜春芳, 欧阳静, 苏毅国编著 |
| 210 | @a北京@c化学工业出版社@d2018 | |
| 215 | @a211页@c图@d26cm | |
| 320 | @a有书目 | |
| 330 | @a本书以非金属矿物的精细化加工与综合利用为主线,主要内容包括非金属矿物选矿提纯技术(包括选矿技术基础、重力选矿、浮力选矿、电力选矿、磁力选矿、湿法化学提纯技术、其他选矿提纯技术等),金属矿物粉体加工技术(包括超细粉碎助剂、超微细粉碎技术、超细分级技术、超细微粒分选技术、粉尘危害与防护等),非金属矿物粉体的表面改性(包括表面改性的方法、表面改性工艺、表面改性剂等),特殊形态非金属矿物的晶形保护(包括颗粒整形技术、非金属矿物的晶形保护、非金属矿物的特殊处理等),还介绍了大量非金属矿物加工与综合应用实例。 | |
| 333 | @a本书可供从事矿物材料、化工、轻工、建材、冶金机械、电子、环保、新材料等领域的工程技术人员、管理人员及大专院校有关专业师生参考。 | |
| 606 | 0 | @a非金属矿物@Afei jin shu kuang wu@x加工 |
| 606 | 0 | @a非金属矿物@Afei jin shu kuang wu@x综合利用 |
| 690 | @aTD97@v4 | |
| 701 | 0 | @a杜春芳@Adu chun fang@4编著 |
| 701 | 0 | @a欧阳静@Aou yang jing@4编著 |
| 701 | 0 | @a苏毅国@Asu yi guo@4编著 |
| 801 | 0 | @aCN@b北京卓展@c20191020 |
| 905 | @b1201826-9@dTD97@e49@f4 | |
| 非金属矿物加工与综合利用/杜春芳, 欧阳静, 苏毅国编著.-北京:化学工业出版社,2018 |
| 211页:图;26cm |
| 使用对象:本书可供从事矿物材料、化工、轻工、建材、冶金机械、电子、环保、新材料等领域的工程技术人员、管理人员及大专院校有关专业师生参考。 |
| ISBN 978-7-122-29879-9:CNY59.00 |
| 本书以非金属矿物的精细化加工与综合利用为主线,主要内容包括非金属矿物选矿提纯技术(包括选矿技术基础、重力选矿、浮力选矿、电力选矿、磁力选矿、湿法化学提纯技术、其他选矿提纯技术等),金属矿物粉体加工技术(包括超细粉碎助剂、超微细粉碎技术、超细分级技术、超细微粒分选技术、粉尘危害与防护等),非金属矿物粉体的表面改性(包括表面改性的方法、表面改性工艺、表面改性剂等),特殊形态非金属矿物的晶形保护(包括颗粒整形技术、非金属矿物的晶形保护、非金属矿物的特殊处理等),还介绍了大量非金属矿物加工与综合应用实例。 |
| ● |
| 相关链接 |
|
|
|
|
正题名:非金属矿物加工与综合利用
索取号:TD97/49
 
预约/预借
| 序号 | 登录号 | 条形码 | 馆藏地/架位号 | 状态 | 备注 |
| 1 | 1201826 | 212018261 | 第二样本阅览室/ [索取号:TD97/49] | 在馆 | |
| 2 | 1201827 | 212018270 | 第三借阅区/ [索取号:TD97/49] | 在馆 | |
| 3 | 1201828 | 212018289 | 第三借阅区/ [索取号:TD97/49] | 在馆 | |
| 4 | 1201829 | 212018298 | 第三借阅区/ [索取号:TD97/49] | 在馆 |